Κατάλογος Βιβλιοθηκών Mediterranean College

Το Έξυπνο Σώμα / Οδηγός για μια Πλήρη Ψυχο-Σωματική Υγεία και Ευεξία (Record no. 3261)

MARC details
000 -LEADER
fixed length control field 01648cam a22002174a 4500
005 - ΗΜΕΡΟΜΗΝΙΑ ΚΑΙ ΩΡΑ ΤΕΛΕΥΤΑΙΑΣ ΕΝΗΜΕΡΩΣΗΣ
Πεδίο ελέγχου 20260205123416.0
008 - FIXED-LENGTH DATA ELEMENTS--GENERAL INFORMATION
Πεδίο ελέγχου σταθερού μήκους 250528s ||||||||||||||||||||||||d
035 ## - SYSTEM CONTROL NUMBER
System control number 17861
020 ## - ISBN
ISBN 9789606151170
040 ## - ΠΗΓΗ ΚΑΤΑΛΟΓΟΓΡΑΦΗΣΗΣ
Φορέας πρωτότυπης καταλογογράφησης MC Athens Campus Library
Γλώσσα καταλογογράφησης Ελληνικά, Μοντέρνα (1453-)
Modifying agency MC Athens Campus Library
Κανόνες περιγραφικής καταλογογράφησης AACR2
245 1# - ΤΙΤΛΟΣ ΚΑΙ ΔΗΛΩΣΗ ΥΠΕΥΘΥΝΟΤΗΤΑΣ
Τίτλος Το Έξυπνο Σώμα / Οδηγός για μια Πλήρη Ψυχο-Σωματική Υγεία και Ευεξία
260 ## - PUBLICATION, DISTRIBUTION, ETC.
Name of publisher, distributor, etc. Άρμος,
Date of publication, distribution, etc. 2018
300 ## - PHYSICAL DESCRIPTION
Extent 496
520 ## - SUMMARY, ETC.
Summary, etc. Στο βιβλίο αυτό αποκαλύπτεται ότι κλείδι για την υγεία και το ευ ζήν αποτελεί ή εναρμόνιση με τον αληθινό εαυτό μας. Πρόλογος, Βάζοντας τα Θεμέλια, Εισαγωγή, Όχι στο Στρες πού Νιώθετε αλλά Εκείνο που δεν νιώθετε, Ποιά Σχέση Έχει το Αίσθημα, Ενεργειακή Ροή: Οι Βασικές Αρχές, Τελικά Ποιός Είμαι, Ο Διευρυμμένος Εαυτός, Ο Δρόμος για την Ανάρρωση, Τα Συμπτώματα Είναι Λύσεις, Ορίζοντας ΕΣΑΣ, Πείτε μου τη Δική σας Αλήθεια, Δεν Υπάρχουν Θύματα ή Κακοί, Ανθρώπινες Ανάγκες και Ενθάρρυνση της Δημιουργικής Ροής σας, Σχεδιασμός Ζωής και Δημιουργία, Κατάλογος Βιβλίων.
700 1# - ΠΡΟΣΘΕΤΗ ΑΝΑΓΡΑΦΗ--ΦΥΣΙΚΟ ΠΡΟΣΩΠΟ
Personal name Davies Kyle
9 (RLIN) 4145
700 1# - ΠΡΟΣΘΕΤΗ ΑΝΑΓΡΑΦΗ--ΦΥΣΙΚΟ ΠΡΟΣΩΠΟ
Personal name Maté, Gabor
9 (RLIN) 4146
700 1# - ΠΡΟΣΘΕΤΗ ΑΝΑΓΡΑΦΗ--ΦΥΣΙΚΟ ΠΡΟΣΩΠΟ
Personal name Σαμοθράκη Ντίνα
9 (RLIN) 4132
942 ## - ADDED ENTRY ELEMENTS (KOHA)
Koha item type Books
Holdings
Τύπος τεκμηρίου Βιβλιοθήκη Τρέχουσα τοποθεσία Barcode Αριθμός εισαγωγής Ημερομηνία απόκτησης Ταξιθετικό σύμβολο Αριθμός αντιτύπου Κατάσταση απόσυρσης Κατάσταση χαμένου Κατάσταση κατεστραμμένου Μη δανεισμός Σύνολο δανεισμών Ημερομηνία τελευταίας εμφάνισης Η τιμή ισχύει από
Books MC Athens Campus Library MC Athens Campus Library 9780000032607 7328 05/06/2025 158.24 DAV 1           05/06/2025 05/06/2025

MC Athens Campus Library
Πατησίων 94 & Κοδριγκτώνος 13, 104 34
Πελλήνης 8 & Πατησίων 107, 112 51
Τ: +30 210 8899600

MC Thessaloniki Campus Library
Ίωνος Δραγούμη 21, 54625 | Ίωνος Δραγούμη 15, 54625
Τ: +30 2310 287779 – Τ: +30 2314 440300